00628 a2200193 4500999001500000010001400015020002200029035001300051037001500064082001000079100001900089245005800108260003300166270005500199300002300254500001900277942002900296952010900325 c5887d5887 aENG-87057 a8183820328c95.00 aEN-70590 bDBAD / PUB14a398.9 aChopra, Mahesh1 aA book of proverbs and quotations /cby Mahesh Chopra aNew DelhibLotus Pressc2007 a4263/3, Ansari Road, DaryaganjbNew Delhie110 002 a156p.c21cm (pbk) aIncludes index adplcEN2ddch398.9mCHO 001040718NFICaDBADbDBADeDBAD/PUBg95.00l0o398.9 CHOpEN-70590r2008-09-15 00:00:00t1v95.00yEN